| 000 | 01271nam0a22002891 4500 | ||
|---|---|---|---|
| 001 | rc\2189887 | ||
| 005 | 20250623055724.0 | ||
| 035 | _a(NLR Aleph) 006612270 | ||
| 090 |
_a7361705 _c7361705 |
||
| 100 | _a20110829d1978 |||y0rusy50 ca | ||
| 101 | 0 | _arus | |
| 102 | _aRU | ||
| 105 | _aa z ||||| | ||
| 200 | 1 |
_aФильтр-прессы для обработки отходов флотации на обогатительных фабриках ПНР _fМ-во угол. пром-сти СССР. ЦНИИ экономики и НТИ угол. пром-сти. (ЦНИЭИуголь) |
|
| 210 |
_aМосква _cБ. и. _d1978 |
||
| 215 |
_a[1], 28 с. _cил. _d20 |
||
| 225 | 1 |
_aЭкспресс-информация _iСерия "Обогащение и брикетирование угля". Зарубежная угольная промышленность |
|
| 300 | _aПеред загл. авт.: Б.С. Маширов, Р.А. Гаинцева, А.Ф. Кондратенко | ||
| 700 | 1 |
_aМаширов _bБ.С. |
|
| 701 | 1 |
_aКондратенко _bА.Ф. |
|
| 701 | 1 |
_aГаинцева _bР.А. |
|
| 801 | 0 |
_aRU _bNLR _gpsbo |
|
| 801 | 1 |
_aRU _bELAR _2rusmarc |
|
| 852 |
_aNLR _j78-4/21547 |
||
| 899 |
_aRuMoRGB _jM 78-11/3060 |
||
| 942 | _cBOOK | ||
| 980 | _aNB | ||